000 00461nam a22001937a 4500
003 LK-CoDNM
005 20250206104400.0
008 250131b |||||||| |||| 00| 0 eng d
040 _aLK-CoDNM
_dLK-CoDNM
_eLK-CoDNM
041 _aeng
080 _a139
100 _aOlver John o
245 _aAids to Pathology
250 _anineth
260 _alondon
_bbailliere tindall and cox
_c1950
300 _a340p. ; 24 cm
650 _ascience
942 _cBK
999 _c237919
_d237919